000 00359nam a2200133Ia 4500
008 231129s1977||||xx |||||||||||||| ||spa||
040 _bspa
082 _a980.461 Ch512i
100 _aChaves Mendoza Alvaro
245 0 _aLos Ijca : Resena etnográfica
260 _c1977
264 _aBogotá Colombia : Instituto Colombiano de Cultura
942 _2ddc
_cBKS
999 _c19747
_d19747